<?xml version="1.0" encoding="UTF-8"?>
<collection xmlns="http://www.loc.gov/MARC21/slim">
 <record>
  <leader>00924pamaa2200265   4500</leader>
  <controlfield tag="001">0000047861</controlfield>
  <controlfield tag="005">20130815090000.0</controlfield>
  <controlfield tag="008">100824                             eng  </controlfield>
  <datafield tag="020" ind1="0" ind2="0">
   <subfield code="a">9787117080743 (pbk.) </subfield>
  </datafield>
  <datafield tag="090" ind1="0" ind2="0">
   <subfield code="a">RM184 </subfield>
   <subfield code="b">REX 2009</subfield>
  </datafield>
  <datafield tag="100" ind1="1" ind2="0">
   <subfield code="a">ReXin </subfield>
  </datafield>
  <datafield tag="240" ind1="0" ind2="0">
   <subfield code="a">Shu Xue Re Min Hua Ai Jiu Xin Liao Fa</subfield>
  </datafield>
  <datafield tag="245" ind1="1" ind2="0">
   <subfield code="a">Acupoints New Thermal Treatments of Moxibustion = </subfield>
   <subfield code="l">Shu Xue Re Min Hua Ai Jiu Xin Liao Fa  </subfield>
   <subfield code="c">Chen ReXin, Kang MingFei; </subfield>
   <subfield code="f">edited by Chen DongShu; </subfield>
   <subfield code="f">edited by Chen DongShu; </subfield>
   <subfield code="f">compiled by Tian Ning.</subfield>
  </datafield>
  <datafield tag="250" ind1="0" ind2="0">
   <subfield code="a">1st ed.</subfield>
  </datafield>
  <datafield tag="260" ind1="0" ind2="0">
   <subfield code="a">Beijing, China: </subfield>
   <subfield code="b">People's Medical Publishing House, </subfield>
   <subfield code="c">2009.</subfield>
  </datafield>
  <datafield tag="300" ind1=" " ind2=" ">
   <subfield code="a">221p: </subfield>
   <subfield code="b">ill.; </subfield>
   <subfield code="c">24.</subfield>
  </datafield>
  <datafield tag="500" ind1="0" ind2="0">
   <subfield code="a">In Chinese</subfield>
  </datafield>
  <datafield tag="501" ind1="0" ind2="0">
   <subfield code="a">FMHS</subfield>
  </datafield>
  <datafield tag="650" ind1="0" ind2="0">
   <subfield code="a">Acupuncture Therapy -- </subfield>
   <subfield code="z">China </subfield>
  </datafield>
  <datafield tag="650" ind1="0" ind2="0">
   <subfield code="a">Traditional Chinese Medicine </subfield>
  </datafield>
  <datafield tag="650" ind1="0" ind2="0">
   <subfield code="a">Moxibustion </subfield>
  </datafield>
  <datafield tag="700" ind1="1" ind2="1">
   <subfield code="a">DongShu, </subfield>
   <subfield code="h">Chen </subfield>
  </datafield>
  <datafield tag="700" ind1="1" ind2="1">
   <subfield code="a">MingFei, </subfield>
   <subfield code="h">Kang </subfield>
  </datafield>
  <datafield tag="700" ind1="1" ind2="1">
   <subfield code="a">Ning, </subfield>
   <subfield code="h">Tian </subfield>
  </datafield>
  <datafield tag="901" ind1=" " ind2=" ">
   <subfield code="u">www.pmph.com</subfield>
  </datafield>
 </record>
</collection>
